00828nam a22001935i 4500001000700000003000900007005001700016008004100033040002000074100002300094245015000117260006400267300002000331650002700351650003800378852007500416999001900491952012400510161164ES-MaACL20250801151642.0041020s1871 gw |||| | fre d aCAM bspa cCAM1 aOtto, Emil.98795010aLectures allemandes b: choix de morceaux de littérature allemande, accompagnés de notes explicatives et d'un vocabulaire / cpar Emile Otto. aHeidelberg [etc.] : bJules Groos éditeur [etc.], c1871. a3 v. ; c20 cm. 4aLengua alemana.914080 7aLiteratura alemana2embne9136419 aES-MaACLjB-3044 z-- Enc. cartón q-- Sólo 3e partie (VI, 228 p.) c161164d161164 001040708LIBXIXaATENEOMbATENEOMcSPBd2008-01-17eSSCl0oB-3044p1168803r2023-02-23 00:00:00w2023-02-23yMONANT